Sudoku para Dummies /
El primer apartado ofrece indicaciones sobre cómo resolver sudokus, en tanto que la parte central del libro presenta numerosos sudokus, en orden ascendente de dificultad. La tercera incluye las soluciones.
Salvato in:
| Autore principale: | |
|---|---|
| Altri autori: | |
| Natura: | Libro |
| Lingua: | spagnolo |
| Pubblicazione: |
Bogotá, Colombia :
Norma,
2006, c2006
|
| Soggetti: | |
| Tags: |
Nessun Tag, puoi essere il primo ad aggiungerne!!
|
MARC
| LEADER | 00000nam^a2200000^a^4500 | ||
|---|---|---|---|
| 001 | 000287753 | ||
| 005 | 20250521000000.0 | ||
| 008 | 090401 20062006 | ||
| 009 | 20260310111849.091 | ||
| 020 | |a 958-04-9211-5 | ||
| 037 | |a Acervo ITESO - Biblioteca | ||
| 041 | |a ESP | ||
| 082 | |a 793. 74 |b HER V. 2 | ||
| 100 | |a Heron, Andrew |e (autor) | ||
| 245 | 1 | 0 | |a Sudoku para Dummies / |c A. Heron, E. James ; tr. por Mercè Bolló, Isabel Campos. |
| 264 | 4 | |a Bogotá, Colombia : |b Norma, |c 2006, c2006 | |
| 300 | |a 344 p. | ||
| 336 | |a texto |b txt |2 rdacontenido | ||
| 337 | |a sin mediación |b n |2 rdamedio | ||
| 338 | |a volumen |b nc |2 rdasoporte | ||
| 500 | |a Traducción de: Sudoku for Dummies | ||
| 520 | |a El primer apartado ofrece indicaciones sobre cómo resolver sudokus, en tanto que la parte central del libro presenta numerosos sudokus, en orden ascendente de dificultad. La tercera incluye las soluciones. | ||
| 649 | |a XX | ||
| 650 | |a Sudoku - |x Tema Principal | ||
| 650 | |a Juegos Matemáticos | ||
| 650 | |a Juegos Mentales | ||
| 650 | |a Pasatiempos | ||
| 650 | |a Ocio y Tiempo Libre | ||
| 700 | |a James, Edmund |e (autor) | ||
| 910 | |a Fondo General | ||
| 920 | |a Impresos - Libros | ||
| 930 | |a Reserva Especial | ||
| 905 | |a 103 | ||
| 901 | |a 0500174839 |b IT1 |c REE |u 20250521 | ||
| 902 | |a https://opac.biblio.iteso.mx/vufind/Record/000287753 | ||